| 000 | 01401cam a22003374a 4500 | ||
|---|---|---|---|
| 001 | 15883449 | ||
| 003 | SISC | ||
| 005 | 20160321124354.0 | ||
| 008 | 090827s2010 txu b 000 0 eng | ||
| 010 | _a 2009032575 | ||
| 020 | _a1882664124 | ||
| 040 |
_aDLC _cDLC _dDLC |
||
| 043 | _an-us--- | ||
| 050 | 0 | 0 |
_aLB3605 _b.K275 2010 |
| 082 | 0 | 0 |
_aHS 649.121 _bK14 1995 |
| 100 | 1 |
_aKarnes, Frances A. _913411 |
|
| 245 | 1 | 0 |
_aLeadership for students : _ba practical guide for ages 8-18 / _cFrances A. Karnes, Suzanne M. Bean. |
| 260 |
_aWaco, TX : _bPrufrock Press, _c1995. |
||
| 300 |
_a188 p. ; _c23 cm. |
||
| 504 | _aIncludes bibliographical references (p. 213-214). | ||
| 505 | 0 | _aDefining leadership -- Assessing yourself as a leader -- Opportunities for leadership -- Training for leadership -- Influence and encouragement from others -- Great leaders -- Advice to others. | |
| 526 | _c1040L to 1310L | ||
| 562 | _eFor circulation. One copy available in the collection. | ||
| 650 | 0 |
_aStudent activities _zUnited States. _913412 |
|
| 650 | 0 |
_aLeadership _xStudy and teaching _zUnited States. _913413 |
|
| 700 | 1 |
_aBean, Suzanne M., _d1957- _913414 |
|
| 906 |
_a7 _bcbc _corignew _d1 _eecip _f20 _gy-gencatlg |
||
| 942 |
_2lcc _cAB |
||
| 999 |
_c9381 _d9381 |
||